000 00316nam a2200133Ia 4500
008 191201s2010 xx 000 0 und d
100 _aKULKARNI,M
245 0 _aMicrowave and Radar Engineering
250 _a4th
260 _c2010
_bUmesh Publications
_aN. Delhi
300 _a677
650 _aECE
942 _2ddc
_cBB
999 _c7366
_d7366